| 000 | 00998nam a2200217Ia 4500 | ||
|---|---|---|---|
| 003 | OSt | ||
| 005 | 20210518092256.0 | ||
| 008 | 210310s1959 sp fr 000 0 spa d | ||
| 040 |
_aCO-JMCR _cCO-JMCR |
||
| 041 | 0 | _aspa | |
| 082 | 0 | 4 |
_a334 / _bC413r _223 |
| 100 | 1 |
_aCerdá Richart, Baldomero, _915475 _eautor |
|
| 245 | 1 | 3 |
_aEl Régimen Cooperativo / _cBaldomero Cerdá Richart |
| 260 |
_aBarcelona : _bBosch, _c1959 |
||
| 300 |
_a6 volúmenes ; _c22 cm. |
||
| 505 | 0 |
_gV.1. _tDoctrina e historia de la cooperación _gV.2. _tLa cooperación en general _gV.3. _tLas sociedades cooperativas en particular _gV.4. _tFormularios de documentos cooperativos _gV.5. _tAdministración y contabilidad de las sociedades cooperativas _gV.6. _tRégimen jurídico, tributario y de previsión social de las Sociedades Cooperativas |
|
| 650 | 1 | 4 |
_aCooperativas _915477 _xDerecho _zEspaña |
| 650 | 2 | 4 |
_aCooperativas _xContabilidad _zEspaña _937660 |
| 650 | 2 | 4 |
_aCooperativas _xAdministración _zEspaña _937661 |
| 942 |
_2ddc _cBK |
||
| 999 |
_c7793 _d7793 |
||